| Tag |
First Indicator |
Second Indicator |
Subfields |
| LEADER |
00000nkm a2200000Ii 4500 |
| 001 |
in00004595607 |
| 008 |
220926s2005 xxu ineng d |
| 007 |
kp co| |
| 005 |
20220926192522.2 |
| 035 |
|
|
|a (OCoLC)on1345695951
|
| 040 |
|
|
|a TXA
|b eng
|e rda
|c TXA
|
| 035 |
|
|
|a (OCoLC)1345695951
|
| 043 |
|
|
|a n-us---
|
| 090 |
|
|
|a HQ777.8
|b .R34 2005
|
| 245 |
0 |
0 |
|a Rainbow sprinkles :
|b songs for our children celebrating our diverse lives : the first album of songs for kids with LGBT families!
|
| 264 |
|
1 |
|a [United States] :
|b rainbowsprinklesonline.com,
|c [2005?]
|
| 300 |
|
|
|a 1 card :
|b color ;
|c 16 x 11 cm
|
| 336 |
|
|
|a still image
|b sti
|2 rdacontent
|
| 337 |
|
|
|a unmediated
|b n
|2 rdamedia
|
| 338 |
|
|
|a card
|b no
|2 rdacarrier
|
| 520 |
|
|
|a Promotional postcard for album by Suzy Nash designed to empower children of LGBT (lesbian, gay, bisexual and transgendered) families.
|
| 500 |
|
|
|a The Cushing Library/Women & Gender Studies copy was acquired as part of The Don Kelly Research Collection of Gay Literature and Culture.
|5 TXA
|
| 650 |
|
0 |
|a Children of sexual minority parents
|x Songs and music.
|
| 650 |
|
0 |
|a Children of gay parents
|x Songs and music.
|
| 650 |
|
0 |
|a Sexual minorities' families
|x Songs and music.
|
| 650 |
|
0 |
|a Sexual minorities
|x Family relationships
|x Songs and music.
|
| 600 |
1 |
0 |
|a Nash, Suzi.
|t Rainbow sprinkles.
|
| 650 |
|
0 |
|a Lesbian musicians
|z United States.
|
| 655 |
|
7 |
|a Postcards.
|2 lcgft
|
| 700 |
1 |
|
|a Nash, Suzi.
|t Rainbow sprinkles.
|
| 994 |
|
|
|a Z0
|b TXA
|
| 948 |
|
|
|h HELD BY TXA - 0 OTHER HOLDINGS
|
| 999 |
f |
f |
|s 13fa81ca-62dc-4d4d-b60c-16494cf5ca9e
|i 587fec75-6ff1-4bd4-afa0-849c28d54a58
|t 0
|
| 952 |
f |
f |
|p noncirc
|a Texas A&M University
|b College Station
|c Cushing Memorial Library & Archives
|d Cushing: Women & Gender Studies (Does not check out)
|t 0
|e HQ777.8 .R34 2005
|f Vertical File
|h Library of Congress classification
|i unmediated -- card
|m A1485293555E
|
| 998 |
f |
f |
|a HQ777.8 .R34 2005
|t 0
|l Cushing: Women & Gender Studies (Does not check out)
|